| 000 | 00585nmm a2200205Ia 4500 | ||
|---|---|---|---|
| 008 | 251105s9999||||xx |||||||||||||||||und|| | ||
| 020 | _a9788433980151 | ||
| 041 | _aspa | ||
| 100 | _aWelsh, Irvine | ||
| 245 | 0 | _aUn polvo en condiciones | |
| 264 |
_a[Madrid, España] : _bEditorial Anagrama, _c2018 |
||
| 300 | _a452 páginas | ||
| 490 | _aPanorama de narrativas | ||
| 650 | _aEnglish Narrative | ||
| 700 | _aWelsh, Irvine | ||
| 700 | 1 | _a González, Francisco | |
| 700 | 1 | _a Salas Rodríguez, Laura | |
| 856 | _uhttps://public.digitaliapublishing.com/a/79931 | ||
| 942 | _cCF | ||
| 999 |
_c72551 _d72551 |
||